000 00628nam a2200169 i 4500
001 27504
003 ES-MaACL
005 20230906153630.0
007 t|
008 030114s1968 sp ||||1| spa d
100 1 _aAzcárate Ristori, José María de.
_924256
245 1 0 _aInventario de los monumentos históricos-artísticos de España... /
_cbajo la dirección de José María Azcarate, por María Jesús Torres Peralta.
260 _a[Madrid :
_bDirección General de Bellas Artes,
_c1968]
300 _a309 p., 4 lám ;
_c20 cm.
700 1 _aTorres Peralta, María Jesús.
_9110997
852 _aES-MaACL
_jC-35063
_bR.66713
999 _c27504
_d27504